000 00887nam a22002657a 4500
003 dpl
005 20180608143110.0
008 180608b xxu||||| |||| 00| 0 eng d
010 _aA-950862
020 _c225.00
_a8120314727
035 _aA-950862, A-950864
037 _bCen Lib/Ret
040 _aDPL
_bEN
_c0
082 _a621.382
_bFEH
100 _aFeher, Kamilo
_919676
245 _aWireless digital communications :
_cby Kamilo Feher
_bmodulation and spread spectrum applications /
246 _b
260 _aNew Delhi
_bPrentice-Hall of India
_c1999
270 _aM-97, Connaught Circus
_bNew Delhi
_e110001
300 _axix,524p. :
_c23cm(Hb)
_bill
500 _aIncludes bibliographic references and index
650 _aMobile communication systems
_919677
650 _aWireless communication systems
_919678
942 _2ddc
_cEN
_h621.382
_mFEH
999 _c127179
_d127179